STN EN 15266: 2007 (13 0050) [neplatná], Zostavy ohybných vlnovcových potrubí z nehrdzavejúcej ocele na rozvod plynu v budovách s prevádzkovým tlakom do 0,5 bar

Norma je slovenskou verziou EN 15266: 2007

Bibliographic Details
Other Authors: Pivoňka, Michal (Translator)
Format: Book
Language:Slovak
English
PhysicalDescription:44 strán obrázky, tabuľky 30 cm
Published: Bratislava Slovenský ústav technickej normalizácie 2007
Subjects:

MARC

LEADER 00000cam a2200000 a 4500
001 vtls009805325
003 SK-MaSNL
005 20260512081311.0
008 090725s2007 xo a f u 000 0 slo
015 |a SNBN2015 
020 |c (cen. skup. 14) 
035 |a (SVKBBclas03)vtls000277597 
040 |a SNK  |b slo  |c SNK  |e AACR2 
041 1 |a slo  |h eng 
044 |a xo  |c SK 
046 |a m  |m 20071001 (účinná)  |n 20250401 (zrušená) 
072 7 |a 696  |x Inštalácie v budovách  |2 konspekt 
072 7 |a 662  |x Výbušniny. Palivá  |2 konspekt 
080 |a 662.76:621.643  |2 2001 
080 |a 696.2  |2 2001 
080 |a 006.88  |2 2001 
080 |a (4)CEN  |2 2001 
080 |a (437.6)  |2 2001 
080 |a (083.742)  |2 2001 
080 |a 696  |2 2001 
084 |a 23.040.01  |2 ICS 
130 0 |a STN 13 0050 (STN EN 15266) [neplatná]  |9 320917 
245 1 0 |a STN EN 15266: 2007 (13 0050) [neplatná], Zostavy ohybných vlnovcových potrubí z nehrdzavejúcej ocele na rozvod plynu v budovách s prevádzkovým tlakom do 0,5 bar 
246 1 0 |a Zostavy ohybných vlnovcových potrubí z nehrdzavejúcej ocele na rozvod plynu v budovách s prevádzkovým tlakom do 0,5 bar 
246 3 0 |a EN 15266: 2007 
260 |a Bratislava  |b Slovenský ústav technickej normalizácie  |c 2007 
300 |a 44 strán  |b obrázky, tabuľky  |c 30 cm 
500 |a Spracovateľ: Michal Pivoňka, Bratislava 
500 |a Súbežný názov v angličtine, francúzštine, nemčine 
500 |a Preložené z angličtiny 
500 |a Norma je nahradená anglickou verziou normy STN EN 15266 z apríla 2025, ktorú nahradila slovenská verzia normy STN EN 15266 z októbra 2025 v celom rozsahu 
504 |a Citované normy a súvisiace právne predpisy na strane 2-3 a bibliografia na strane 44 
520 8 |a Norma je slovenskou verziou EN 15266: 2007 
540 |a STN vydané na akomkoľvek nosiči sa môžu rozmnožovať a rozširovať iba so súhlasom určenej právnickej osoby  |b SÚTN Bratislava  |c zákon 264/1999 Z.z. 
546 |a Terminológia, normatívne odkazy a literatúra aj v angličtine 
650 0 7 |a plynové rozvody  |2 SNKPH  |9 68370 
650 0 7 |a plynové inštalácie  |2 SNKPH  |9 69236 
650 0 7 |a technické normy a štandardy  |z Slovensko  |2 SNKPH  |9 79594 
650 0 7 |a technické normy a štandardy  |z krajiny Európskej únie  |2 SNKPH  |9 289341 
650 0 7 |a Gas distribution  |2 SNKPHeng  |9 320918 
650 0 7 |a Gas installations  |2 SNKPHeng  |9 320919 
650 0 7 |a Buildings installations  |2 SNKPHeng  |9 295302 
650 0 7 |a inštalácie v budovách  |2 SNKPH  |9 4264 
655 7 |a normy  |2 SNKPH  |9 70643 
700 1 |a Pivoňka, Michal  |4 trl  |9 314614 
710 |a Slovenský ústav technickej normalizácie (Bratislava, Slovensko).  |b Technická komisia č. 45 Oceľ, hliník a neželezné kovy  |4 stn  |9 314598 
958 |a OP 
958 |a NB 
968 |b ENG 
999 |c 572713  |d 574643 
952 |a SNK  |b SNK  |y PREZ  |7 0  |p 17A1169955  |o snkSTN EN 15266  |i snk2015/24930  |8 0  |0 0  |1 0  |4 0  |d 2015-08-20  |l 0  |r 2026-02-23 14:22:02  |w 2026-02-23 
952 |a SNK  |b SNK  |y PREZ  |7 0  |p 17A1169956  |o snkSTN EN 15266 D1  |i snk2015/24932  |8 0  |0 0  |1 0  |4 0  |d 2015-08-20  |l 0  |r 2026-02-23 14:22:02  |w 2026-02-23